Midlands Rules of Evidence (State v. Dawson) Quiz Stats

 Plays Quiz not verified by Sporcle

Challenge
Share
Tweet
Embed
Score 0/50 Timer 15:00
0 Plays Today
% Correct
401
94.1%
402
79.4%
403
73.5%
403
67.6%
admissible
61.8%
accused
58.8%
404(a)
50%
602
50%
701
50%
rationally
50%
702
50%
802
50%
407
47.1%
direct
47.1%
Misleading the jury
47.1%
personal knowledge
47.1%
reliable
47.1%
initial
44.1%
801(d)(2)
41.2%
407, civil
41.2%
404(b)
41.2%
initial
41.2%
scientific
41.2%
direct, develop
41.2%
facts and data
41.2%
% Correct
803(1)
38.2%
own testimony
38.2%
facts, case
38.2%
exception
38.2%
perceiving
35.3%
803(2)
35.3%
startling
35.3%
resolution
35.3%
truth of the matter asserted
35.3%
404(a)(1)
32.4%
611(b)
32.4%
understanding
32.4%
mental
32.4%
803(21)
32.4%
identity
29.4%
Relevant Evidence, 407
29.4%
611(c)
29.4%
not objectionable
29.4%
intoxicated
29.4%
negligence, defect
26.5%
704(a)
26.5%
704(b)
26.5%
804(a)(4)
20.6%
804(b)(6)
17.6%
procured or led to
17.6%

You're not logged in!

Compare scores with friends on all Sporcle quizzes.
OR
Log In

You Might Also Like...

Show Comments

Extras

Created Jan 23, 2012ReportNominate
Tags:State Quiz, dawson, evidence, rule

Top Quizzes Today


Score Distribution

Your Account Isn't Verified!

In order to create a playlist on Sporcle, you need to verify the email address you used during registration. Go to your Sporcle Settings to finish the process.

Report this User

Report this user for behavior that violates our Community Guidelines.

Details: